Statystyki dla PAŃSTWA Z NAJWIĘKSZĄ ILOŚCIĄ MEDALI OLIMPIJSKICH

Kliknij tutaj aby rozwiązać quiz!

Ogólne statystyki

  • Ten quiz został rozwiązany 433 razy
  • Średni wynik to 13 z 15

Statystyki odpowiedzi

ILOŚĆ MEDALIOdpowiedź% Poprawnych
2802Stany Zjednoczone
99%
1723Niemcy
98%
1917Rosja
98%
822Francja
97%
596Chiny
96%
484Japonia
92%
472Kanada
91%
873Wielka Brytania
90%
686Włochy
87%
638Szwecja
84%
509Australia
83%
481Norwegia
78%
464Finlandia
70%
395Holandia
68%
497Węgry
40%

Rozkład punktacji

Percentyl według liczby udzielonych odpowiedzi

Procent ludzi z każdym wynikiem

Twoja historia wyników

Nie rozwiązałeś tego quizu